| 000 | 00797nam a22001817a 4500 | ||
|---|---|---|---|
| 005 | 20260609090419.0 | ||
| 008 | 260609b |||||||| |||| 00| 0 eng d | ||
| 020 | _a9960880044 | ||
| 040 | _c. | ||
| 082 | _a915, 300104 D663 2003 | ||
| 100 | _aدارة الملك عبدالعزيز | ||
| 245 |
_aالرحلات إلى شبة الجزيرة العربية : _bبحوث ندوة الرحلات الى شبة الجزية العربية المنعقدة في الرياض في المدة من 24 - 27 رجب 1421 _cدارة الملك عبدالعزيز |
||
| 250 | _a1 ط | ||
| 260 | _bالسعودية , الرياض , دارة الملك عبدالعزيز , 2003 | ||
| 300 |
_a602 ص _c25 سم |
||
| 650 | _zالجزيرة العربية - وصف الرحلات | ||
| 942 |
_2ddc _cBK-AR _n0 |
||
| 999 |
_c8968 _d8968 |
||